00696cam a22002174a 4500008004100000020002300041100002300064245007100087250001300158260004100171300005400212440004200266504004100308500002000349650002200369650004000391700002000431003000100451005001700452040000900469  a0072833718 (pbk. )1 aCateora, Philip R.10aInternational marketing /cPhilip R. Cateora [and] John L. Graham. a12th ed. aBoston :bMcGraw-Hill/Irwin,cc2005. axxxiii, 697 p. :bcol. ill. + col. maps ;c29 cm. 0aMcGraw-Hill/Irwin series in marketing aIncludes bibliographical references. aIncludes index. 0aExport marketing. 0aInternational business enterprises.1 aGraham, John L.20230123125313.0 cNUST